[Event "Zagreb op"]
[Site "Zagreb"]
[Date "2015.04.19"]
[Round "4"]
[White "Hecimovic, Ivan"]
[Black "Martinovic, Sasa"]
[Result "0-1"]
[WhiteElo "2166"]
[BlackElo "2520"]
[PlyCount "24"]
[EventDate "2015.04.17"]
[EventType "swiss"]
[EventRounds "9"]
[EventCountry "CRO"]
[SourceTitle "CBM 166 Extra"]
[Source "ChessBase"]
[SourceDate "2015.06.18"]
[SourceVersion "1"]
[SourceVersionDate "2015.06.18"]
[SourceQuality "1"]

1. b4 e5 2. Bb2 Bxb4 3. f4 Nh6 4. fxe5 Ng4 5. c3 Be7 6. Nf3 0-0 7. e3 Nc6 8. Bd3 h6 9. c4 d6 10. exd6 Bxd6 11. Qe2 Nb4 12. Kd1 Nxd3 0-1

[Event "Zagreb op"]
[Site "Zagreb"]
[Date "2015.04.19"]
[Round "3"]
[White "Spalir, Jernej"]
[Black "Hecimovic, Ivan"]
[Result "0-1"]
[WhiteElo "2362"]
[BlackElo "2163"]
[PlyCount "76"]
[EventDate "2015.04.17"]
[EventType "swiss"]
[EventRounds "9"]
[EventCountry "CRO"]
[SourceTitle "CBM 166 Extra"]
[Source "ChessBase"]
[SourceDate "2015.06.18"]
[SourceVersion "1"]
[SourceVersionDate "2015.06.18"]
[SourceQuality "1"]

1. d4 Nf6 2. Nf3 e6 3. c4 b6 4. g3 Bb7 5. Bg2 Bb4+ 6. Bd2 Qe7 7. 0-0 Bxd2 8. Nbxd2 d6 9. Re1 Nbd7 10. e4 e5 11. Qc2 0-0 12. b4 c5 13. bxc5 bxc5 14. d5 Rfb8 15. Nb3 Qd8 16. Qc3 a5 17. Nfd2 Bc8 18. f4 a4 19. Nc1 Qa5 20. Qc2 Ba6 21. Nd3 Re8 22. fxe5 Nxe5 23. Nxe5 Rxe5 24. Nf3 Ree8 25. e5 dxe5 26. Rxe5 Ng4 27. Rxe8+ Rxe8 28. d6 Bc8 29. Qd3 Bd7 30. Rf1 Re3 31. Qd5 Nf6 32. Qb7 Qc3 33. Ng5 Re1 34. Qa8+ Be8 35. Nf3 Rxf1+ 36. Bxf1 Qe3+ 37. Kg2 g6 38. Qa5 Bc6 0-1

[Event "Bjelovar op 6th"]
[Site "Bjelovar"]
[Date "2014.08.06"]
[Round "7"]
[White "Amon, Jan"]
[Black "Hecimovic, Ivan"]
[Result "1-0"]
[WhiteElo "1343"]
[BlackElo "2199"]
[PlyCount "25"]
[EventDate "2014.08.03"]
[EventType "swiss"]
[EventRounds "7"]
[EventCountry "CRO"]
[SourceTitle "EXT 2019"]
[Source "ChessBase"]
[SourceDate "2018.10.10"]
[SourceVersion "1"]
[SourceVersionDate "2018.10.10"]
[SourceQuality "1"]

1. e4 e5 2. Nf3 d6 3. Nc3 Bg4 4. h3 Be6 5. d4 exd4 6. Nxd4 Nc6 7. Bb5 Bd7 8. Bxc6 bxc6 9. Bf4 c5 10. Nb3 Qe7 11. 0-0 Nf6 12. e5 Ng8 13. Qd5 1-0

[Event "Velika Gorica op 5th"]
[Site "Velika Gorica"]
[Date "2005.08.21"]
[Round "3"]
[White "Hecimovic, Ivan"]
[Black "Djurovic, Goran"]
[Result "1/2-1/2"]
[WhiteElo "2276"]
[BlackElo "2066"]
[PlyCount "134"]
[EventDate "2005.08.20"]
[EventType "swiss"]
[EventRounds "9"]
[EventCountry "CRO"]
[SourceTitle "CBM 108 Extra"]
[Source "ChessBase"]
[SourceDate "2005.11.04"]
[SourceVersion "1"]
[SourceVersionDate "2005.11.04"]
[SourceQuality "1"]

1. d4 d6 2. e4 g6 3. Nc3 c6 4. Be3 Nf6 5. Be2 Nbd7 6. Qd2 Qa5 7. 0-0-0 b5 8. e5 b4 9. exf6 bxc3 10. Qxc3 Qxc3 11. bxc3 Nxf6 12. Bf3 d5 13. h3 Ba6 14. Kd2 Rb8 15. Ne2 Nd7 16. Rb1 Nb6 17. Kc1 Kd7 18. Nf4 e6 19. Nd3 Ba3+ 20. Kd1 Nc4 21. Rb3 Nxe3+ 22. fxe3 Bd6 23. Kd2 Bc4 24. Rxb8 Rxb8 25. Ra1 a5 26. Be2 f6 27. Nc1 Bxe2 28. Kxe2 a4 29. Nd3 Rb5 30. a3 c5 31. Kd2 cxd4 32. exd4 e5 33. dxe5 fxe5 34. Rf1 Ke6 35. Re1 Rb8 36. Nf4+ Kf5 37. Nxd5 Bxa3 38. Ra1 Bc5 39. Rxa4 Rb1 40. Rc4 Bf2 41. Ke2 Bg3 42. Kf3 Bh2 43. Ne3+ Ke6 44. Rc6+ Kd7 45. Ra6 Re1 46. Kf2 Bg3+ 47. Kf3 e4+ 48. Kxg3 Rxe3+ 49. Kf4 Rxc3 50. Ra7+ Ke6 51. Rxh7 e3 52. Kf3 Rxc2 53. g4 e2 54. Kf2 g5 55. Rh8 Kf7 56. Rd8 Rc3 57. Rh8 Re3 58. Ke1 Kg7 59. Rh5 Re5 60. h4 Kg6 61. Rxg5+ Rxg5 62. hxg5 Kxg5 63. Kxe2 Kf4 64. g5 Kf5 65. g6 Kf6 66. g7 Kf7 67. g8Q+ Kxg8 1/2-1/2

[Event "Velika Gorica op 5th"]
[Site "Velika Gorica"]
[Date "2005.08.20"]
[Round "1"]
[White "Hecimovic, Ivan"]
[Black "Djeno, Snjezana"]
[Result "0-1"]
[WhiteElo "2276"]
[BlackElo "2001"]
[PlyCount "74"]
[EventDate "2005.08.20"]
[EventType "swiss"]
[EventRounds "9"]
[EventCountry "CRO"]
[SourceTitle "CBM 108 Extra"]
[Source "ChessBase"]
[SourceDate "2005.11.04"]
[SourceVersion "1"]
[SourceVersionDate "2005.11.04"]
[SourceQuality "1"]

1. b4 d5 2. Bb2 Bf5 3. Nf3 Nd7 4. e3 Ngf6 5. c4 dxc4 6. Bxc4 e6 7. 0-0 Nb6 8. Be2 Bxb4 9. Qb3 Be7 10. a4 0-0 11. Nc3 a5 12. Nd4 Bg6 13. Rac1 c6 14. Nf3 Nbd7 15. Nh4 Nc5 16. Qa2 Bd3 17. Nf3 Bxe2 18. Nxe2 Nd3 19. Rc4 Nxb2 20. Qxb2 Rb8 21. Nc3 Nd5 22. Nxd5 exd5 23. Rg4 Bf6 24. d4 Qd7 25. Rf4 b5 26. Qc2 bxa4 27. Qxa4 Rb5 28. g4 Qe6 29. Kg2 Bd8 30. h3 Bc7 31. Rf5 g6 32. Rf4 Bxf4 33. exf4 Qd6 34. Kg3 Re8 35. Qc2 Re4 36. Qd2 Rb3 37. h4 Qa3 0-1

[Event "Velika Gorica op 4th"]
[Site "Velika Gorica"]
[Date "2004.08.22"]
[Round "3"]
[White "Matana, Zoran"]
[Black "Hecimovic, Ivan"]
[Result "0-1"]
[WhiteElo "1867"]
[BlackElo "2278"]
[PlyCount "78"]
[EventDate "2004.08.21"]
[EventType "swiss"]
[EventRounds "9"]
[EventCountry "CRO"]
[SourceTitle "EXT 2005"]
[Source "ChessBase"]
[SourceDate "2004.11.15"]
[SourceVersion "1"]
[SourceVersionDate "2004.11.15"]
[SourceQuality "1"]

1. f4 e5 2. d3 exf4 3. Bxf4 d5 4. Nf3 Bd6 5. Qc1 Nc6 6. Nc3 Nge7 7. Nb5 Bb4+ 8. c3 Ba5 9. d4 0-0 10. b4 Bb6 11. a4 a6 12. Na3 Ng6 13. Bg3 Bg4 14. Qd2 Re8 15. a5 Bd7 16. Nc2 Qe7 17. e3 f5 18. Bd3 f4 19. Bxg6 fxe3 20. Qe2 hxg6 21. 0-0 Bf5 22. Rae1 Qe4 23. Rc1 Qd3 24. Rfe1 Qxc3 25. Nxe3 Nxd4 26. Nxd4 Qxd4 27. Bf2 c6 28. Qd1 Re4 29. Qxd4 Bxd4 30. Nxf5 Bxf2+ 31. Kxf2 gxf5 32. Rxe4 fxe4 33. Ke3 Kf7 34. Rf1+ Ke7 35. Rf2 Rf8 36. Rb2 Kd6 37. h4 Ke5 38. Rd2 Rf6 39. h5 Rf5 0-1

[Event "CRO-ch"]
[Site "Zagreb"]
[Date "2002.11.30"]
[Round "7"]
[White "Kosic, Eugen"]
[Black "Hecimovic, Ivan"]
[Result "1-0"]
[WhiteElo "2286"]
[BlackElo "2204"]
[PlyCount "67"]
[EventDate "2002.11.24"]
[EventType "swiss"]
[EventRounds "9"]
[EventCountry "CRO"]
[SourceTitle "CBM 091 Extra"]
[Source "ChessBase"]
[SourceDate "2003.01.09"]
[SourceVersion "1"]
[SourceVersionDate "2003.01.09"]
[SourceQuality "1"]

1. d4 Nf6 2. Nf3 d5 3. Bf4 Bf5 4. e3 c6 5. Bd3 Bxd3 6. Qxd3 e6 7. 0-0 Bd6 8. Nbd2 Qc7 9. Bxd6 Qxd6 10. Ne5 Nbd7 11. f4 0-0 12. Rf3 Ne8 13. Rh3 f5 14. g4 g6 15. Rg3 Qe7 16. gxf5 exf5 17. Ndf3 Nd6 18. Qa3 Rf6 19. h4 Nf8 20. h5 a6 21. hxg6 hxg6 22. Kg2 Re8 23. Rh3 Nf7 24. Qd3 c5 25. c3 Rb6 26. b3 c4 27. bxc4 Qa3 28. Kg3 Nd6 29. Ng5 Ne6 30. Rah1 Nxg5 31. fxg5 Rxe5 32. Rh8+ Kf7 33. dxe5 dxc4 34. Qd5+ 1-0

[Event "CRO-ch"]
[Site "Zagreb"]
[Date "2002.11.25"]
[Round "2"]
[White "Hecimovic, Ivan"]
[Black "Golubovic, Boris"]
[Result "1/2-1/2"]
[WhiteElo "2204"]
[BlackElo "2441"]
[PlyCount "53"]
[EventDate "2002.11.24"]
[EventType "swiss"]
[EventRounds "9"]
[EventCountry "CRO"]
[SourceTitle "CBM 091 Extra"]
[Source "ChessBase"]
[SourceDate "2003.01.09"]
[SourceVersion "1"]
[SourceVersionDate "2003.01.09"]
[SourceQuality "1"]

1. b4 d5 2. Bb2 c6 3. e3 Nf6 4. c4 Nbd7 5. Nf3 e6 6. Qb3 Bd6 7. d4 a5 8. c5 Bc7 9. b5 0-0 10. b6 Bb8 11. Nbd2 e5 12. Be2 Re8 13. a4 Qe7 14. Qc2 e4 15. Ng1 Nf8 16. g3 h5 17. h4 Ng4 18. Bxg4 Bxg4 19. Nf1 f6 20. Nh2 Be6 21. 0-0-0 Nd7 22. Ne2 Rc8 23. Kb1 Ra6 24. Rc1 Bf7 25. Nf1 Be6 26. Nd2 Bg4 27. Nb3 1/2-1/2

[Event "Zadar op"]
[Site "Zadar"]
[Date "1999.12.19"]
[Round "9"]
[White "Guid, Matej"]
[Black "Hecimovic, Ivan"]
[Result "1-0"]
[WhiteElo "2185"]
[BlackElo "2205"]
[PlyCount "93"]
[EventDate "1999.12.14"]
[EventType "swiss"]
[EventRounds "9"]
[EventCountry "CRO"]
[SourceTitle "CBM 073 Extra"]
[Source "ChessBase"]
[SourceDate "2000.01.11"]
[SourceVersion "1"]
[SourceVersionDate "2000.01.11"]
[SourceQuality "1"]

1. e4 e6 2. d4 d5 3. Nd2 Nf6 4. e5 Ne4 5. Bd3 Nxd2 6. Bxd2 c5 7. c3 Qb6 8. Nf3 h6 9. b3 Bd7 10. 0-0 cxd4 11. Nxd4 Nc6 12. Nf3 Be7 13. Rc1 Rc8 14. Qe2 0-0 15. Bb1 f5 16. h3 Ba3 17. Rcd1 Ne7 18. Nd4 Bc5 19. Rfe1 Bxd4 20. cxd4 Qxd4 21. Bxh6 Qh4 22. Be3 f4 23. Bxa7 f3 24. Qe3 Rf4 25. Rd4 Rcf8 26. Bc5 Nc6 27. Rxf4 Rxf4 28. Kh2 fxg2 29. Qg3 d4 30. Qxh4 Rxh4 31. Kxg2 g5 32. Kg3 Be8 33. a3 Kg7 34. b4 Bg6 35. b5 Na5 36. Bxg6 Kxg6 37. Rd1 Nb3 38. Bb4 Kf5 39. Rb1 Kxe5 40. Rxb3 Kd5 41. Be7 Kc4 42. Rb4+ Kc3 43. Bxg5 Re4 44. Bf6 e5 45. f4 d3 46. Rxe4 d2 47. Bxe5+ 1-0

[Event "Zadar op"]
[Site "Zadar"]
[Date "1999.12.18"]
[Round "8"]
[White "Kos, Toni"]
[Black "Hecimovic, Ivan"]
[Result "1-0"]
[WhiteElo "2310"]
[BlackElo "2205"]
[PlyCount "123"]
[EventDate "1999.12.14"]
[EventType "swiss"]
[EventRounds "9"]
[EventCountry "CRO"]
[SourceTitle "CBM 073 Extra"]
[Source "ChessBase"]
[SourceDate "2000.01.11"]
[SourceVersion "1"]
[SourceVersionDate "2000.01.11"]
[SourceQuality "1"]

1. e4 e6 2. d4 d5 3. exd5 exd5 4. Qf3 Nf6 5. h3 Be7 6. Bd3 c5 7. dxc5 Nbd7 8. Nc3 Nxc5 9. Nge2 Be6 10. Bb5+ Bd7 11. Bxd7+ Qxd7 12. Bg5 Nce4 13. Bxf6 Nxf6 14. Rd1 Rd8 15. 0-0 0-0 16. Rd3 Bd6 17. Rfd1 Bb8 18. Nxd5 Nxd5 19. Rxd5 Qc7 20. Rxd8 Rxd8 21. Rxd8+ Qxd8 22. Nc3 b6 23. g3 Be5 24. Nd1 g6 25. b3 a5 26. Ne3 h5 27. h4 Bd4 28. Nd5 Qd6 29. c3 Bg7 30. c4 Be5 31. a4 Bd4 32. Kg2 Qe6 33. Qf4 Bc5 34. Nf6+ Kg7 35. Ne4 Qc6 36. Qe5+ Kf8 37. Kf1 Bb4 38. Ke2 Qd7 39. Qh8+ Ke7 40. Qf6+ Kf8 41. Qxb6 Qe8 42. Qe3 Qe5 43. Kf3 Qe6 44. Kg2 Qc6 45. Qf3 Qd7 46. Nf6 Qe6 47. Nd5 Bc5 48. Qc3 Qe4+ 49. Qf3 Qe1 50. Nf4 Kg8 51. Nd3 Qe7 52. Nxc5 Qxc5 53. Qd5 Qc7 54. c5 Kf8 55. Qd6+ Qxd6 56. cxd6 Ke8 57. Kf3 Kd7 58. Ke4 Kxd6 59. Kd4 f6 60. Kc4 g5 61. b4 axb4 62. Kxb4 1-0

[Event "Zadar op"]
[Site "Zadar"]
[Date "1999.12.17"]
[Round "7"]
[White "Hecimovic, Ivan"]
[Black "Vaulin, Alexander"]
[Result "0-1"]
[WhiteElo "2205"]
[BlackElo "2492"]
[PlyCount "44"]
[EventDate "1999.12.14"]
[EventType "swiss"]
[EventRounds "9"]
[EventCountry "CRO"]
[SourceTitle "CBM 073 Extra"]
[Source "ChessBase"]
[SourceDate "2000.01.11"]
[SourceVersion "1"]
[SourceVersionDate "2000.01.11"]
[SourceQuality "1"]

1. d4 Nf6 2. Nf3 g6 3. Bg5 Bg7 4. e3 d6 5. Bd3 h6 6. Bxf6 Bxf6 7. Nbd2 Bg7 8. c3 0-0 9. Qc2 Nd7 10. h4 Nf6 11. h5 Nxh5 12. Rxh5 gxh5 13. Bh7+ Kh8 14. 0-0-0 Bg4 15. Rh1 c5 16. Nh4 cxd4 17. exd4 Bxd4 18. f3 Be6 19. Nf5 Bxf5 20. Qxf5 e6 21. Qxh5 Be3 22. Bd3 Qg5 0-1

[Event "Zadar op"]
[Site "Zadar"]
[Date "1999.12.15"]
[Round "4"]
[White "Hecimovic, Ivan"]
[Black "Jovanic, Ognjen"]
[Result "0-1"]
[WhiteElo "2205"]
[BlackElo "2333"]
[PlyCount "62"]
[EventDate "1999.12.14"]
[EventType "swiss"]
[EventRounds "9"]
[EventCountry "CRO"]
[SourceTitle "CBM 073 Extra"]
[Source "ChessBase"]
[SourceDate "2000.01.11"]
[SourceVersion "1"]
[SourceVersionDate "2000.01.11"]
[SourceQuality "1"]

1. d4 Nf6 2. Nf3 g6 3. Bg5 Bg7 4. Nbd2 0-0 5. e3 d6 6. Bd3 c5 7. c3 Nbd7 8. Qc2 h6 9. Bh4 b6 10. Ne4 Bb7 11. Nxf6+ Nxf6 12. Bxf6 Bxf6 13. dxc5 bxc5 14. h4 d5 15. Rh3 Qe8 16. Rg3 e5 17. e4 c4 18. Be2 dxe4 19. Bxc4 Kg7 20. Nd2 Bxh4 21. Rh3 Bg5 22. Nxe4 Qc6 23. Bd3 Rad8 24. Nxg5 Qxg2 25. 0-0-0 Qxg5+ 26. Kb1 e4 27. Bc4 Rxd1+ 28. Qxd1 Rd8 29. Qc1 Rd2 30. Rh2 e3 31. f4 Qf5+ 0-1

[Event "Zagreb op"]
[Site "Zagreb"]
[Date "1999.??.??"]
[Round "4"]
[White "Brumen, Dinko"]
[Black "Hecimovic, Ivan"]
[Result "1-0"]
[WhiteElo "2309"]
[BlackElo "2215"]
[PlyCount "95"]
[EventDate "1999.??.??"]
[EventType "swiss"]
[EventRounds "9"]
[EventCountry "CRO"]
[SourceTitle "EXT 2000"]
[Source "ChessBase"]
[SourceDate "1999.11.16"]
[SourceVersion "1"]
[SourceVersionDate "1999.11.16"]
[SourceQuality "1"]

1. d4 e6 2. e4 a6 3. Nf3 b5 4. Bd3 Bb7 5. 0-0 c5 6. c3 Nf6 7. e5 Nd5 8. Ng5 Be7 9. Nxh7 g6 10. Nf6+ Nxf6 11. exf6 Bd6 12. h3 Qxf6 13. dxc5 Bxc5 14. Nd2 Bd6 15. Ne4 Bxe4 16. Bxe4 Qe5 17. Re1 Qh2+ 18. Kf1 Nc6 19. Be3 0-0-0 20. Bxc6 dxc6 21. Qf3 Kb7 22. a4 Ra8 23. axb5 axb5 24. Qxf7+ Bc7 25. Rxa8 Rxa8 26. Qxg6 Ra2 27. Qb1 Ra4 28. b3 Ra8 29. c4 b4 30. Qe4 Ra2 31. g4 Qxh3+ 32. Qg2 Qh7 33. g5 Qd3+ 34. Kg1 Re2 35. Rxe2 Qxe2 36. Qe4 Qd1+ 37. Kg2 Qd6 38. c5 Qh2+ 39. Kf1 Be5 40. Qxb4+ Kc8 41. Qg4 Kd7 42. Qf3 Qh7 43. b4 Qd3+ 44. Kg2 Qh7 45. Bf4 Bg7 46. b5 cxb5 47. Qb7+ Ke8 48. Bd6 1-0

[Event "Zagreb op"]
[Site "Zagreb"]
[Date "1999.??.??"]
[Round "8"]
[White "Hecimovic, Ivan"]
[Black "Feletar, Darko"]
[Result "0-1"]
[WhiteElo "2215"]
[BlackElo "2376"]
[PlyCount "70"]
[EventDate "1999.??.??"]
[EventType "swiss"]
[EventRounds "9"]
[EventCountry "CRO"]
[SourceTitle "EXT 2000"]
[Source "ChessBase"]
[SourceDate "1999.11.16"]
[SourceVersion "1"]
[SourceVersionDate "1999.11.16"]
[SourceQuality "1"]

1. e4 g6 2. d4 Bg7 3. b3 c5 4. Bb2 Nc6 5. Nf3 cxd4 6. Bc4 Qa5+ 7. Nbd2 Nf6 8. 0-0 d5 9. exd5 Nxd5 10. b4 Ndxb4 11. a3 Na6 12. Nb3 Qb6 13. Rb1 0-0 14. Nbxd4 Rd8 15. Nxc6 Rxd1 16. Nxe7+ Kf8 17. Bxg7+ Kxg7 18. Rfxd1 Qc5 19. Nxc8 Rxc8 20. Bb3 Rc7 21. h4 Qxa3 22. Ng5 Nc5 23. Bd5 Qa4 24. c4 Qc2 25. Rbc1 Qf5 26. Rc3 Qg4 27. Nf3 Re7 28. Rd4 Qf5 29. g4 Qb1+ 30. Kg2 Qb2 31. Rcd3 Nxd3 32. Rxd3 Re2 33. Kg3 Rxf2 34. Re3 Rg2+ 35. Kf4 Qf6+ 0-1

[Event "Zadar op"]
[Site "Zadar"]
[Date "1998.??.??"]
[Round "9"]
[White "Hecimovic, Ivan"]
[Black "Sulc, Gordana"]
[Result "1/2-1/2"]
[WhiteElo "2230"]
[BlackElo "2020"]
[PlyCount "27"]
[EventDate "1998.12.??"]
[EventType "swiss"]
[EventRounds "9"]
[EventCountry "CRO"]
[SourceTitle "EXT 2000"]
[Source "ChessBase"]
[SourceDate "1999.11.16"]
[SourceVersion "1"]
[SourceVersionDate "1999.11.16"]
[SourceQuality "1"]

1. e4 c5 2. b3 Nc6 3. Bb2 d5 4. exd5 Qxd5 5. Nf3 Bg4 6. Be2 Nf6 7. h3 Bd7 8. Nc3 Qd6 9. Nb5 Qb8 10. d4 a6 11. Na3 cxd4 12. Nxd4 b5 13. Bf3 Qe5+ 14. Kf1 1/2-1/2

[Event "Pula op 11th"]
[Site "Pula"]
[Date "1997.??.??"]
[Round "5"]
[White "Hecimovic, Ivan"]
[Black "Cebalo, Miso"]
[Result "0-1"]
[WhiteElo "2225"]
[BlackElo "2540"]
[PlyCount "106"]
[EventDate "1997.05.??"]
[EventType "swiss"]
[EventRounds "9"]
[EventCountry "CRO"]
[SourceTitle "EXT 2000"]
[Source "ChessBase"]
[SourceDate "1999.11.16"]
[SourceVersion "1"]
[SourceVersionDate "1999.11.16"]
[SourceQuality "1"]

1. b4 d5 2. Bb2 c6 3. e3 Nf6 4. Nf3 Bg4 5. h3 Bh5 6. Be2 e6 7. b5 Nbd7 8. a4 h6 9. c4 Bd6 10. Na3 c5 11. 0-0 0-0 12. d4 Rc8 13. Rc1 Re8 14. cxd5 exd5 15. dxc5 Bxc5 16. Nc2 Bf8 17. Ncd4 Rxc1 18. Qxc1 Nc5 19. Qa1 Nfe4 20. a5 Bxf3 21. Nxf3 Qe7 22. Qa2 Qe6 23. Bd4 Be7 24. Rc1 b6 25. axb6 axb6 26. Ra1 Bf6 27. Bxf6 Qxf6 28. Bf1 Nc3 29. Qa7 g5 30. Rc1 N5e4 31. Bd3 Rc8 32. Rc2 Rc5 33. Bxe4 dxe4 34. Nd4 Nd1 35. Qa8+ Kg7 36. Qxe4 Nxf2 37. Rxf2 Rc1+ 38. Kh2 Qxf2 39. Qe5+ Kg6 40. Nf3 Qc2 41. Qd6+ Kg7 42. Qxb6 Qc7+ 43. Qxc7 Rxc7 44. Kg3 Rc3 45. Kf2 Rc2+ 46. Kf1 Rb2 47. Nd4 Kg6 48. g4 Kf6 49. Kg1 Ke5 50. Nf5 h5 51. Nh6 hxg4 52. hxg4 f6 53. Nf7+ Kd5 0-1